La política ártica

Salvato in:
Dettagli Bibliografici
Autore principale: Perugia, Paul del (Autore)
Natura: Libro
Lingua:spagnolo
Pubblicazione: Barcelona Salvat 1956
Serie:Surco
Soggetti:
Tags: Aggiungi Tag
Nessun Tag, puoi essere il primo ad aggiungerne!!

MARC

LEADER 00000nam a2200000 a 4500
001 UCO2046
003 CL-VaPUC
008 000602e19560000SP |||||||||||||||||spa|d
082 0 4 |a 948  |b PER  |2 21 
100 0 |a Perugia, Paul del  |e author  |9 444737 
245 1 3 |a La política ártica 
300 |a 150 p 
942 |c BK 
945 |d 20000602 00:00:00  |a crobeson 
260 |a Barcelona  |b Salvat  |c 1956 
650 0 |a Historia  |9 255047 
650 0 |a Política económica   |9 255029 
651 7 |a DINAMARCA  |2 CL-VaPUC  |9 315123 
651 7 |a FINLANDIA  |2 CL-VaPUC  |9 268919 
651 0 |a Suecia   |9 268974 
651 7 |a NORUEGA  |2 CL-VaPUC  |9 268907 
583 |a last modification  |c 20000602 00:00:00  |k Rodrigo Vera 
490 0 |a Surco 
999 |c 288589  |d 288587 
952 |0 0  |1 0  |4 0  |6 948_000000000000000_PER_1956  |7 0  |8 A  |9 336364  |a BIBHIS  |b BIBHIS  |d 2019-11-20  |i 1277820  |o 948 PER 1956  |p 1277820  |r 2025-01-20  |w 2019-11-20  |y BK  |k HIS